1927 1026 1801 1785 1268 1023 1410 1190 1574 1713 1708 1906 1684 1341 1536 1979 1199 1687 1181 1199 1088 1288 1735 1818 1852 1952 1658 1791 1841 1305 1442 1840 1290 1642 1999 1922 1064 1586 1689 1108 1935 1099 1918 1935 1022 1134 1525 1105 1500 1286 1590 1586 1417 1454 1576 1647 1622 1102 1636 1297 1278 1122 1405 1617 1976 1404 1110 1219 1162 1634 1235 1248 1026 1396 1389 1320 1125 1469 1670 1436 1989 1211 1830 1626 1103 1730 1540 1195 1329 1228 1285 1384 1991 1941 1939 1305 1216 1025 1947 BCNSPRNW ULIB Ver.6.0+V

เปลี่ยนเป็นภาษาไทย

Change to English
 แสดงรายละเอียดบรรณานุกรม
  กลับหน้าหลัก

Brief Record : Get Marc (ISO 2709) : E-mail record : QR code < ปิดหน้าต่าง
LEADER : 00000nam 2200000uu 4500
001    13399110310
003     ULIB
008    110428s2551||||th 000 0 tha d
020    9789740449317
060 04 WM203.5^bม735อ 2551
100 0  เมธาวี ปาลิวนิช
245 10 อัจฉริยะ "ออทิสติก" = Autistic genius /^cเมธาวี ปาลิวนิช
246 31 Autistic genius
260    กรุงเทพฯ :^bใกล้หมอ,^c2551
300    106 หน้า
650  7 Autism^xIninfancy & Childhood
650  7 Autistic disorder
945    ^p120^l0^i024374
995    ทศพร
999 ^a ใช้งานได้ทุกระบบ
รายการนี้ยังไม่มีแท็ก
คุณยังไม่ได้ล็อกอิน คุณสามารถมีกิจกรรมร่วมกับเว็บไซต์ได้ แต่ต้องล็อกอินก่อน ::
  ล็อกอิน

รายการสื่อสารสนเทศ

ลำดับที่ ประเภท เลขเรียก/บาร์โค้ด สถานที่ สถานะ
- ไม่พบข้อมูล -

รายการใกล้เคียง
    หัวเรื่อง [Autistic disorder]

BibComment


ยังไม่เคยถูกคอมเมนท์

คอมเมนท์ทรัพยากรรายการนี้
  คอมเมนท์: อัจฉริยะ ออทิสติก..


 Copyright 2026. Bcnsprnw @Library